Goya: los tapices
Uloženo v:
| Hlavní autor: | |
|---|---|
| Médium: | Kniha |
| Jazyk: | španělština |
| Vydáno: |
Madrid
Offo
1962
|
| Vydání: | 1a. ed |
| Edice: | Colección Grandes Pintores
|
| Témata: | |
| Tagy: |
Přidat tag
Žádné tagy, Buďte první, kdo vytvoří štítek k tomuto záznamu!
|
MARC
| LEADER | 00000cam a2200000 a 4500 | ||
|---|---|---|---|
| 001 | UCE2089 | ||
| 003 | CL-VaPUC | ||
| 008 | 140605e19620000sp |||||||||||||||||spa|d | ||
| 082 | 0 | 4 | |a 759.6 |b SAN |2 21 |
| 100 | 0 | |a Sánchez de Palacios, M |e author |9 574559 | |
| 245 | 1 | 0 | |a Goya: los tapices |
| 250 | |a 1a. ed | ||
| 300 | |a 84 p | ||
| 942 | |c BK | ||
| 945 | |d 20140605 14:22:00 |a dcastane | ||
| 260 | |a Madrid |b Offo |c 1962 | ||
| 600 | 0 | |a Goya y Lucientes, Francisco José de |9 315215 | |
| 650 | 0 | |a Pintura española |9 315217 | |
| 650 | 0 | |a Pintores españoles |9 315216 | |
| 583 | |a last modification |c 20140605 14:22:00 |k Rodrigo Vera | ||
| 490 | 0 | |a Colección Grandes Pintores | |
| 999 | |c 355758 |d 355756 | ||
| 952 | |0 0 |1 0 |3 erb |4 0 |6 759_600000000000000_SAN_1962 |7 0 |8 A |9 462616 |a BIBART |b BIBART |i 5056217 |l 1 |o 759.6 SAN 1962 |p 5056217 |r 2025-03-13 |s 2021-10-06 |w 2019-11-23 |y BK |z Catalogado en:20140605 |k ART | ||